000 00640nam a2200241Ia 4500
003 OSt
005 20220927105828.0
006 a|||||r|||| 00| 0
007 ta
008 220926b |||||||| |||| 00| 0 eng d
020 _a0385260326
024 _a205607
037 _cReference Collections
040 _aRTL
_cRTL
_beng
041 _2eng
_aeng
082 _a"Rxc470:(Z), M9"
100 _aSTONE I F
_9375365
245 0 _aTrial of Socrates
260 _aNew
_b"York, Anchor Books, "
_c1989
300 _a"xi, 282p"
_ccm.
942 _h"Rxc470:(Z), M9"
_cCC
999 _c694917
_d694917